R v Holderness BC ex parte James Robert Developments Limited (Record no. 44264)

MARC details
000 -LEADER
fixed length control field 01400cab a2200217 4500
001 - CONTROL NUMBER
control field ABS49222
008 - FIXED-LENGTH DATA ELEMENTS--GENERAL INFORMATION
fixed length control field 090401t1993 xxu||||| |||| 00| 0 eng d
035 ## - SYSTEM CONTROL NUMBER
System control number (Sirsi) u70394
041 ## - LANGUAGE CODE
Language code of text/sound track or separate title eng
245 ## - TITLE STATEMENT
Title R v Holderness BC ex parte James Robert Developments Limited
260 ## - PUBLICATION, DISTRIBUTION, ETC.
Date of publication, distribution, etc. 1993
350 ## - PRICE (NR) (BK AM CF MU VM SE) [OBSOLETE]
Price 0
490 ## - SERIES STATEMENT
Series statement Property and Compensation Reports
Volume/sequential designation (1993) 66 PCR 46-60(8)
520 ## - SUMMARY, ETC.
Summary, etc. CA 4 December 1992. The appellants (J) were speculative builders who acquired a site in a conservation area for development. It had the benefit of outline planning permission. Several applications for full planning permission were made and rejected. The applications were strongly opposed by the parish council which was chaired by a builder in the same area. J appealed for a judicial review claiming a breach of natural justice due to bias. The application stood out of the court listing pending the result of the fourth application which was granted in March 1991. In May 1991 the council chairman lost his seat in the local elections therefore the only issue before the courts was as to costs. The court found no breach of natural justice and ordered J to pay costs. J appealed but this was dismissed.
650 ## - SUBJECT ADDED ENTRY--TOPICAL TERM
Topical term or geographic name entry element NATURAL JUSTICE
650 ## - SUBJECT ADDED ENTRY--TOPICAL TERM
Topical term or geographic name entry element OUTLINE PLANNING PERMISSION
650 ## - SUBJECT ADDED ENTRY--TOPICAL TERM
Topical term or geographic name entry element PLANNING PERMISSION
690 ## - LOCAL SUBJECT ADDED ENTRY--TOPICAL TERM (OCLC, RLIN)
Topical term or geographic name as entry element PLANNING LAW AND PRACTICE-CASE LAW
942 ## - ADDED ENTRY ELEMENTS (KOHA)
Suppress in OPAC 0
948 ## - LOCAL PROCESSING INFORMATION (OCLC); SERIES PART DESIGNATOR (RLIN)
c (OCLC) 04/03/1997
Holdings
Withdrawn status Lost status Source of classification or shelving scheme Damaged status Not for loan Home library Current library Shelving location Date acquired Total Checkouts Full call number Barcode Date last seen Copy number Price effective from Koha item type
    Dewey Decimal Classification     London London Journal article 14/09/1999   ABS49222 70394-1001 06/08/2019 1 06/08/2019 Law report